A course in APL with applications
Αποθηκεύτηκε σε:
| Κύριος συγγραφέας: | |
|---|---|
| Μορφή: | Βιβλίο |
| Γλώσσα: | English |
| Δημοσίευση: |
Reading, Mass. :
Addison-Wesley,
1976
|
| Έκδοση: | 2nd ed. |
| Θέματα: | |
| Ετικέτες: |
Προσθήκη ετικέτας
Δεν υπάρχουν, Καταχωρήστε ετικέτα πρώτοι!
|
MARC
| LEADER | 00000nam a2200000 i 4500 | ||
|---|---|---|---|
| 001 | 1/47536 | ||
| 008 | 950217s1976 eng d | ||
| 020 | |a 0201025639 | ||
| 035 | |l 10026517 | ||
| 040 | |a GR-MY-UA |b gre |e aacr | ||
| 041 | 0 | |a eng | |
| 082 | 0 | |a 001.6424 | |
| 100 | 1 | |a Grey, Louis. | |
| 245 | 1 | 2 | |a A course in APL with applications / |c Louis Grey |
| 250 | |a 2nd ed. | ||
| 260 | |a Reading, Mass. : |b Addison-Wesley, |c 1976 | ||
| 300 | |a 358 σ. | ||
| 650 | 0 | 0 | |a APL (Computer program language) |
| 852 | |a INST |b CHIOS |e 19950217 |h 001.6424 GRE |p 005200006844 |q 005200006844 |t BK |y 0 | ||
| 909 | |a Χ |b 003958 | ||